00717nam a2200217Ia 450000500170000000800410001704000190005804100120007708200190008910000180010824500840012626000480021030000170025850400190027565000190029465100330031385000140034694200070036099900170036795201150038420220803143327.0131103s9999 xx 000 0 und d aLoreto College aEnglish a821.4bSPE-EVA aEvans,Maurice aSpencer's anatomy of heroismbA commentary on the Faerie Queene cMaurice Evans aCambridgebCambridge University Pressc1970 aviii,244 p.  aIncludes index aEnglish Poetry a16th century poets - Spenser aLCLIBbPG cBK c13135d63614 00102ddc4070aMAINbMAINcPost Graduated2013-11-04l0o821.4 SPE-EVApB13142r2013-11-04w2013-11-04yBKf